| 000 | 00747 a2200205 4500 | ||
|---|---|---|---|
| 010 | _aENG-89635 | ||
| 020 |
_a8188284882 _c100.00 |
||
| 035 | _aEN-73168 | ||
| 037 | _bDBAD / PUB | ||
| 082 | 1 | 4 | _a303.372 |
| 090 |
_c11359 _d11359 |
||
| 100 | 1 | _aSubodh, S. | |
| 245 | 1 |
_aCulture can kill: _bhow beliefs blocked India's advancement/ _cby S. Subodh |
|
| 260 |
_aMumbai : _bLokvangmaya Griha, _c2007 |
||
| 270 |
_aBhupesh Gupta Bhavan, 85, Syani Road, Prabhadevi, _bMumbai _cMumbai _e400025 _mlokvang@mtnl.net.in |
||
| 300 |
_axxvi, 239p. _c22 cm (pbk) |
||
| 500 | _aIncludes bibliographical references | ||
| 942 |
_adpl _cEN _k 303.372/ SUB |
||
| 999 |
_c11050 _d11050 |
||